000 00464nam a2200157Ia 4500
008 231221s9999 xx 000 0 und d
041 _aEnglish
082 _a001.6424C GUN;7 R
100 _aGundurao, H K Manjunath, N S Nachappa, M N
245 0 _aComputer concepts and C programming : for first year BE students of VTU
250 _a3rd ed.
260 _c2000
_bUnited
_aMangalore
300 _a399
650 _aComputer,C,programming,:,BE
942 _cBC
999 _c202009
_d202009